000 01178nam0a2200313 4500
001 RU\NLR\bibl\449567
005 20250623181319.0
010 _a5-86750-014-4
_930000
035 _a(NLR Aleph) 000443215
090 _a827211
_c827211
100 _a20031021d1993 |||y0rusy50 ca
101 0 _arus
102 _aRU
105 _aa |||||||||
200 1 _aАкции и биржевая игра
_eОптимист. тенденции в оценке неизвест. прибыли
_fЛ.И. Петражицкий
205 _a[Перераб. изд.]
210 _aНовосибирск
_cГермес
_d1993
215 _a303,[1] c.
_cил.
_d21
300 _aНа обороте тит. л. авт.: проф. Л.И. Петражицкий
320 _aБиблиогр. в подстроч. примеч.
606 0 _aАкции
_9933002
_3RU\NLR\auth\6625330
606 0 _aФондовые биржи
_91159422
_3RU\NLR\auth\66145728
686 _aУ26(0)229.5
700 1 _aПетражицкий
_bЛ. И.
_gЛев Иосифович
_4070
801 0 _aRU
_bNLR
_c20031021
_gPSBO
801 1 _aRU
_bNLR
_c20031021
942 _cBOOK
980 _aNB